| 000 | 01113cam a22003134a 4500 | ||
|---|---|---|---|
| 001 | 11915877 | ||
| 003 | CEME | ||
| 005 | 20210628201510.0 | ||
| 008 | 000217s2001 maua b 001 0 eng | ||
| 010 | _a 00025660 | ||
| 020 | _a0072390549 (acidfree paper) | ||
| 040 |
_aDLC _cDLC _dDLC |
||
| 042 | _apcc | ||
| 050 | 0 | 0 |
_aTJ265 _b.C42 2001 |
| 082 | 0 | 0 |
_a621.402 _221 |
| 100 | 1 |
_aÇengel, Yunus A. TURNER , ROBERT . H _955538 |
|
| 245 | 1 | 0 |
_aFundamentals of thermal-fluid sciences _cYunus A. Çengel, Robert H. Turner. |
| 246 | 3 | 0 | _aThermal-fluid sciences |
| 260 |
_aBoston : _bMcGraw-Hill, _cc2001. |
||
| 300 |
_axxxv, 1047 p. : _bill. (some col.) ; _c26 cm. + _e1 computer optical disc (4 3/4 in.) |
||
| 440 | 0 |
_aMcGraw-Hill series in mechanical engineering _93283 |
|
| 504 | _aIncludes bibliographical references and index. | ||
| 538 | _aSystem requirements for accompanying computer discs: IBM PC; Windows 95 or higher. | ||
| 650 | 0 |
_aThermodynamics. _97134 |
|
| 650 | 0 |
_aHeat _xTransmission. _91537 |
|
| 650 | 0 |
_aFluid mechanics. _91678 |
|
| 700 | 1 |
_aTurner, Robert H. _955539 |
|
| 942 |
_2ddc _cBK |
||
| 999 |
_c566376 _d566376 |
||